Statistics for Alabama Trivia

Click here to take the quiz!

General Stats

  • This quiz has been taken 4,233 times
  • The average score is 13 of 20

Answer Stats

Hint Answer % Correct
Alabama's most important crop,
before the Civil War
Cotton
88%
Largest cityBirmingham
86%
Capital cityMontgomery
85%
Alabama is part of this religious region{Bible} Belt
83%
Sport to watch at TalladegaNASCAR
81%
Largest protestant denominationSouthern Baptist
76%
Gulf of Mexico port cityMobile
73%
"Sweet Home Alabama" bandLynyrd Skynyrd
72%
What is Piggly Wiggly?a Grocery Store
70%
Most popular type of teaSweet Tea
68%
Name of University of Alabama's
sports teams
Crimson Tide
68%
Fictional Alabaman with an IQ of 75
and a heart of gold
Forrest Gump
65%
City where three civil rights marches beganSelma
63%
Black college famous for airmenTuskegee
61%
"War Eagle" UniversityAuburn
61%
A yellowhammer is a type of …Bird
57%
State nutPecan
50%
Governor who wanted "segregation
forever" (but later recanted)
George Wallace
48%
City where NASA rockets were developedHuntsville
44%
This invasive weed "ate the South"Kudzu
36%

Score Distribution

Percentile by Number Answered

Percent of People with Each Score

Your Score History

You have not taken this quiz